Los tatuados en la penitenciaría nacional (Record no. 24913)

MARC details
000 -LEADER
campo de control de longitud fija 00588nam a2200169 i 4500
001 - NÚMERO DE CONTROL
campo de control 24913
003 - IDENTIFICADOR DE NÚMERO DE CONTROL
campo de control ES-MaACL
005 - FECHA Y HORA DE LA ÚLTIMA TRANSACCIÓN
campo de control 20230906153147.0
007 - CAMPO FIJO DE DESCRIPCIÓN FÍSICA--INFORMACIÓN GENERAL
campo de control de longitud fija t|
008 - DATOS DE LONGITUD FIJA--INFORMACIÓN GENERAL
campo de control de longitud fija 021219s1913 ag ||||1| spa d
100 1# - ENTRADA PRINCIPAL--NOMBRE DE PERSONA
Nombre de persona Angulo, José G.
9 (RLIN) 21779
245 14 - MENCIÓN DEL TÍTULO
Título Los tatuados en la penitenciaría nacional
Resto del título : (programa para un estudio sobre los tatuajes en la Argentina) /
Mención de responsabilidad, etc. José G. Angulo.
260 ## - PUBLICACIÓN, DISTRIBUCIÓN, ETC.
Lugar de publicación, distribución, etc. Buenos Aires :
Nombre del editor, distribuidor, etc. [s.n.],
Fecha de publicación, distribución, etc. 1913 (
Fabricante Talleres Gráficos La Penitenciaría Nacional)
300 ## - DESCRIPCIÓN FÍSICA
Extensión 24 p. :
Otras características físicas il. ;
Dimensiones 26 cm.
650 ## - PUNTO DE ACCESO ADICIONAL DE MATERIA--TÉRMINO DE MATERIA
Término de materia o nombre geográfico como elemento de entrada Tatuajes.
9 (RLIN) 155585
852 ## - LOCALIZACIÓN
Ubicación ES-MaACL
Número de control de estantería T-1352-F-10
Holdings
Estatus retirado Estado de pérdida Estado de daño No para préstamo Colección Biblioteca de origen Biblioteca actual Ubicación en estantería Fecha de adquisición Fuente de adquisición Total de préstamos Signatura topográfica completa Código de barras Visto por última vez Precio de reemplazo Tipo de ítem Koha
        Colección de folletos Biblioteca del Ateneo de Madrid Biblioteca del Ateneo de Madrid Depósito folletos 17/01/2008     T-1352-F-10 1025686 23/02/2023 23/02/2023 Folleto